<?xml version="1.0" encoding="UTF-8"?>
<record
    xmlns:xsi="http://www.w3.org/2001/XMLSchema-instance"
    xsi:schemaLocation="http://www.loc.gov/MARC21/slim http://www.loc.gov/standards/marcxml/schema/MARC21slim.xsd"
    xmlns="http://www.loc.gov/MARC21/slim">

  <leader>00445    a2200121   4500</leader>
  <controlfield tag="001">ART_9562</controlfield>
  <controlfield tag="005">20260410161836.0</controlfield>
  <controlfield tag="008">260409a                                 </controlfield>
  <datafield tag="245" ind1="1" ind2="0">
    <subfield code="a">El resultado peri&#xF3;dico y el principio de la valuaci&#xF3;n de costos. Reflexiones sobre un tema pol&#xE9;mico</subfield>
  </datafield>
  <datafield tag="100" ind1="1" ind2=" ">
    <subfield code="a">Yardin, Amaro Ram&#xF3;n</subfield>
  </datafield>
  <datafield tag="700" ind1="1" ind2=" ">
    <subfield code="a">Rodr&#xED;guez Jauregui, Hugo A.</subfield>
  </datafield>
  <datafield tag="773" ind1="0" ind2=" ">
    <subfield code="t">Contabilidad y administraci&#xF3;n</subfield>
    <subfield code="g">- A&#xF1;o 5, N&#xBA; 49 (jul. 1981)</subfield>
    <subfield code="w">REV5485</subfield>
  </datafield>
  <datafield tag="999" ind1=" " ind2=" ">
    <subfield code="c">23682</subfield>
    <subfield code="d">23682</subfield>
  </datafield>
</record>
